| 000 | 00486nam a2200181Ia 4500 | ||
|---|---|---|---|
| 999 |
_c13793 _d13793 |
||
| 003 | OSt | ||
| 005 | 20201015113353.0 | ||
| 008 | 190216s9999||||xx |||||||||||||| ||und|| | ||
| 022 | _a33390818 | ||
| 040 | _coclc | ||
| 082 |
_a823 _bRUS/C |
||
| 100 |
_aRuskin, John _94778 |
||
| 245 | 4 |
_aThe Crown Of Wild Olive / _cJohn Ruskin |
|
| 260 |
_bMacmillan, _c1985. _aMadras: |
||
| 300 | _a152p | ||
| 650 | _aEnglish Novel | ||
| 942 |
_cBK _2ddc _h823 _iRUS/C _k823 _mRUS/C |
||